Państwa wyspiarskie świata - Statystyki

Ogólne statystyki
  • Ten quiz został rozwiązany 42 razy
  • Średni wynik to 42 z 47
Statystyki odpowiedzi
Kontynent Państwo % Poprawnych
Afryka Madagaskar
100%
Europa Wielka Brytania
100%
Ameryka Północna Haiti
97%
Azja Indonezja
97%
Europa Irlandia
97%
Europa Islandia
97%
Ameryka Północna Kuba
97%
Azja Sri Lanka
97%
Ameryka Północna Dominika
95%
Ameryka Północna Dominikana
95%
Azja Japonia
95%
Europa Malta
95%
Afryka Republika Zielonego Przylądka
95%
Afryka Wyspy Świętego Tomasza i Książęca
95%
Azja Cypr
92%
Ameryka Północna Jamajka
92%
Azja Malediwy
92%
Australia i Oceania Nowa Zelandia
92%
Azja Singapur
92%
Australia i Oceania Tuvalu
92%
Ameryka Północna Barbados
90%
Australia i Oceania Fidżi
90%
Afryka Komory
90%
Ameryka Północna Antigua i Barbuda
87%
Azja Filipiny
87%
Australia i Oceania Mikronezja
87%
Australia i Oceania Nauru
87%
Australia i Oceania Palau
87%
Australia i Oceania Tonga
87%
Ameryka Północna Trynidad i Tobago
87%
Australia i Oceania Wyspy Marshalla
87%
Australia i Oceania Wyspy Salomona
87%
Azja Brunei
85%
Ameryka Północna Grenada
85%
Australia i Oceania Kiribati
85%
Afryka Mauritius
85%
Australia i Oceania Papua-Nowa Gwinea
85%
Ameryka Północna Saint Lucia
85%
Ameryka Północna Saint Vincent i Grenadyny
85%
Australia i Oceania Samoa
85%
Afryka Seszele
85%
Azja Tajwan
85%
Azja Timor Wschodni
85%
Australia i Oceania Vanuatu
85%
Ameryka Północna Bahamy
82%
Ameryka Północna Saint Kitts i Nevis
82%
Azja Bahrajn
79%
Nie znaleziono quizów pasujących do podanych kryteriów
Rozkład punktacji
Procent ludzi z każdym wynikiem
Percentyl według liczby udzielonych odpowiedzi
Twoja historia wyników
Nie rozwiązałeś tego quizu